书目信息 |
| 题名: |
教学过程动力学
|
|
| 作者: | 鲍曼 , 王玉文 著 | |
| 分册: | ||
| 出版信息: | 哈尔滨 哈尔滨工业大学出版社 2002 |
|
| 页数: | 216页 | |
| 开本: | 20cm | |
| 丛书名: | ||
| 单 册: | ||
| 中图分类: | G421 | |
| 科图分类: | ||
| 主题词: | 教学理论 | |
| 电子资源: | ||
| ISBN: | 7-5603-1754-5 | |
| 000 | 00913nam0 2200253 450 | |
| 001 | 070021838770 | |
| 005 | 20050920145821.87 | |
| 010 | @a7-5603-1754-5@dCNY14.80 | |
| 100 | @a20050112e20042002ekmy0chiy0120 ea | |
| 101 | 0 | @achi |
| 102 | @aCN@b230000 | |
| 105 | @ay az 000yy | |
| 200 | 1 | @a教学过程动力学@9jiao xue guo cheng dong li xue@f鲍曼,王玉文著@Fbao man,wang yu wen zhu |
| 210 | @a哈尔滨@c哈尔滨工业大学出版社@d2002@h2004重印 | |
| 215 | @a216页@d20cm | |
| 300 | @a高等师范院校数学系列教材 | |
| 320 | @a有书目 | |
| 330 | @a本书是研究教学过程的专著,首次运用控制理论、从定量角度研究教与学的动态过程。包括作者完成的教学过程的系统结构、学生学习的数学模型、教学过程动态分析以及教学过程最优控制等教学过程动力学方面的主要成果。 | |
| 606 | 0 | @a教学理论 |
| 690 | @aG421@v4 | |
| 701 | 0 | @a鲍曼@Abao man@4著 |
| 701 | 0 | @a王玉文@Awang yu wen@4著 |
| 801 | 0 | @aCN@bTSSF@c20050920 |
| 905 | @a10447@dG421@e104 | |
| 教学过程动力学/鲍曼,王玉文著.-哈尔滨:哈尔滨工业大学出版社,2002(2004重印) |
| 216页;20cm |
| 高等师范院校数学系列教材 |
| ISBN 7-5603-1754-5:CNY14.80 |
| 本书是研究教学过程的专著,首次运用控制理论、从定量角度研究教与学的动态过程。包括作者完成的教学过程的系统结构、学生学习的数学模型、教学过程动态分析以及教学过程最优控制等教学过程动力学方面的主要成果。 |
| ● |
| 相关链接 |
|
|
|
|
正题名:教学过程动力学
索取号:G421/104
 
预约/预借
| 序号 | 登录号 | 条形码 | 馆藏地/架位号 | 状态 | 备注 |
| 1 | 0362247 | 3622477 | 第一样本阅览室/ [索取号:G421/104] | 在馆 | |
| 2 | 0362248 | 3622486 | 第四借阅区/ [索取号:G421/104] | 在馆 | |
| 3 | 0362249 | 3622495 | 第四借阅区/ [索取号:G421/104] | 在馆 | |
| 4 | 0362250 | 3622501 | 第四借阅区/ [索取号:G421/104] | 在馆 | |
| 5 | 0362251 | 3622510 | 密集书库/ [索取号:G421/104] | 在馆 | |
| 6 | 0362252 | 3622529 | 密集书库/ [索取号:G421/104] | 在馆 | |
| 7 | 0362253 | 3622538 | 密集书库/ [索取号:G421/104] | 在馆 | |
| 8 | 0362254 | 3622547 | 第四借阅区/ [索取号:G421/104] | 在馆 |